Pays par origine de leurs noms - Statistiques

Statistiques générales
  • Ce quiz a été pris 111 fois
  • Le résultat moyen est 7 sur 30
Statistiques - réponses
Hint Réponse % Correct
La Terre des Francs France
88%
Le Pays des Romains Roumanie
58%
Pays des Slaves Slovénie / Slovaquie
54%
Pays des Huns Hongrie
47%
La Terre de Glace Islande
45%
Le Pays des Libres Libéria
43%
Le Bois de Braise Brésil
39%
Pays des Maurs Mauritanie
34%
Pays des Plaines Pologne
29%
Le Royaume de l'Est Autriche
28%
Le Village Canada
28%
La Montagne Noire Monténégro
26%
Pays de Saint-Georges Géorgie
24%
La Terre de Eriu Irlande
23%
Les petites îles Micronésie
22%
Les Monts du Lion Sierra Leone
19%
Pays des Aryens Iran
18%
Le Pays des Hommes Honnêtes Burkina Faso
17%
La Petite Venise Venezuela
17%
La Rivière des Crevettes Cameroun
13%
L'île du Cuivre Chypre
12%
Le Petit Château Luxembourg
11%
Le Pays des Purs Pakistan
10%
La Ville du Lion Singapour
10%
Pays nommé après le Christ El Salvador
9%
Le Jour de Dieu Dominique
8%
La Terre de Miel Malte
6%
La terre où il y'a beaucoup d'Arbres Guatemala
5%
Le Centre Sacré Samoa
3%
Les Maisons de Pierre Zimbabwe
1%
Aucun quiz correspondant
Distribution des résultats
% des personnes avec chaque résultat
Percentile par nombre de réponses
Votre historique - résultats
Vous n’avez pas pris ce quiz